| 000 | 00557nam a2200181Ia 4500 | ||
|---|---|---|---|
| 999 |
_c37374 _d37374 |
||
| 003 | OSt | ||
| 005 | 20200928145415.0 | ||
| 008 | 190216s9999||||xx |||||||||||||| ||und|| | ||
| 040 | _coclc | ||
| 082 |
_a590 _bSTO/G |
||
| 100 |
_aStorer, Tracy I _95090 |
||
| 245 | 0 |
_aGeneral Zoology / _cTracy I Storer ; Robert L Usinger ; Robert C Stebbins ; James W Nybakken |
|
| 250 | _a5th Ed. | ||
| 260 |
_bTata Mcgrawhill Publishers, _c1975. _aNew Delhi: |
||
| 300 | _a900p | ||
| 650 | _aZoology | ||
| 942 |
_cBK _2ddc _h5901 _iSTO/G _k590 _mSTO/G |
||